000
00262nam a2200109Ia 4500
008
240625s9999 xx 000 0 und d
041
_a
eng
082
_a
332.64 WIL
100
_a
WILMOTT PAUL
245
_a
PAUL WILMOTT INTRODUCES QUANTITATIVE FIN
260
_c
2006
999
_c
34764
_d
34764